zpět

Detail výsledku týmu

Pivní burza Jánská, Brno

Datum a čas kvízu

33.5 Celkem bodů Celkový počet nahraných bodů na tomto kvízu bez doplňovacích otázek.
3. Pořadí na kvízu Konečné umístění týmu na tomto kvízu.

Zaznamenané odpovědi

# Otázka Odpověď Body Výsledky
1. Novinářskou cenu Ferdinanda Pe... 0
2. Americký prezident Donald Trum... 0
3. Známý britský herec a komik od... 0
4. Zatímco s robotickým vozítkem... 0
5. Jak se jmenuje vítězný tým fin... 1
6. Začneme základní otázkou. Kter... 1
8. Díváme se na podobiznu bezespo... 1
9. Jak se jmenuje jedna z největš... 1
10. Vzhledem k přírodním podmínkám... 0
43. Jaké "zvířecí" jméno má tato k... 1